LEADER 01291nam a2200229 i 4500 001 000000212564 003 CaOOAMICUS 005 20120418000000.0 008 120418s1824 it u000 u ita u 013 $a191399 026 $ao,la sii- eel- osta (7) 1824 (A) 040 $aSeMil$bita 245 10$aTomo 5. 300 $a597 [i.e. 593], [3] p. 490 0 $aCollana degli antichi storici greci volgarizzati 500 $aOmesse nella numerazione le p. 481-484. - Esemplare mutilo delle VII tavole in rame indicate nell'indice. - Contiene le vite di Agide e Cleomene, Tiberio e Cajo Gracchi, Demostene, Cicerone, Demetrio, Antonio, Dione, Marco Bruto. 773 0 $aPlutarchus <46-120>$tVite degli uomini illustri di Plutarco versione italiana di Girolamo Pompei con note di pił celebri letterati ora riunite per la prima volta in quest'edizione. Tomo 1. [-6. ed ultimo].$dMilano : Dalla tipografia dei Fratelli Sonzogno, 1824-1825.$kCollana degli antichi storici greci volgarizzati$g5$w()26626 830 0$aCollana degli antichi storici greci volgarizzati.$0(OLS)http://semarc/title/35953 850 $aSeMil 852 $aSeMil$W1$xVenegono$y1$m1Y III 10 FA$j162998$B162998$CSeMilBibl$Z2$F174132 $8I 961 $aOmaggio: Deposito 996 $6245$aTomo 5$9(OLS)http://semarc/title/76883 LEADER 01401nam a2200277 i 4500 001 000000062340 003 CaOOAMICUS 005 20250919114653.0 008 130111s1959 it u000 u ita u 040 $aSeMil$bita 100 1 $aDanemarie, Jeanne.$0(OLS)http://semarc/name/30322 240 10$aHistoire du Culte de la Sainte Vierge et de ses apparitions.$0(OLS)http://semarc/title/98110 245 10$aStoria del culto della Madonna e delle sue apparizioni /$cdi J. Danemarie. 264 1$aCatania :$bEdizioni Paoline,$c1959. 300 $a167 p. ;$c18 cm. 490 1 $aEnciclopedia cattolica dell'uomo d'oggi. Sez. 4. La vita in Dio. I mediatori ;$v45 650 4$aMadonna - Apparizioni.$0(OLS)http://semarc/subject/7268 650 4$aMadonna - Culto.$0(OLS)http://semarc/subject/1204 830 0$aEnciclopedia cattolica dell'uomo d'oggi. Sez. 4, La vita in Dio. I mediatori ;$v45.$0(OLS)http://semarc/title/401891 830 0$aEnciclopedia cattolica dell'uomo d'oggi ;$v45.$0(OLS)http://semarc/title/6174 850 $aSeMil 852 $aSeMil$W1$xVenegono$y1$m2L III 159$j28493$B28493$CSeMilBibl$Z2$F28496 $81 961 $aOmaggio: Oggioni don Costantino 996 $6245$aStoria del culto della Madonna e delle sue apparizioni$9(OLS)http://semarc/title/98109 996 $6264$aCatania :$bEdizioni Paoline$9(OLS)http://semarc/publisher/35648